MDQL
is popping MORE tags! Check the
thread
!
Quizzes
Events
Quiz Creation
Community
Videos
Private Events
Remove Ads
Sign In
Join for FREE
Feedback
Dark Mode
Quiz Categories
Sports
Geography
Music
Movies
Television
Just For Fun
Miscellaneous
History
Literature
Language
Science
Gaming
Entertainment
Religion
Holiday
For Kids
Quiz Lab
Recent
Popular Today
Quiz Kudos Today
Editor Picks
Curator Picks
Quizzes by...
Day
Popularity
Type
Ratings
Length
Year
Community
Subscriptions
Recent Discussions
Orange Saloon
Badges
Playlists
Quests
Create
Leaderboards
Showdown
Live 5
Trivia Bingo
Activity
Puzzle Library
Sporcle Events
Private Events
Virtual Trivia
Globe League
Become a Host
Pub Owners
SporcleCon
Opinionation
Our Games
Videos
Blog
Mobile Apps
Partnerships
Remove Ads and Go Orange
Feedback
Literature
Harry Potter
A Song of Ice and Fire
The Hunger Games
Literary Character
Shakespeare
Book
Author
Novel
Poem
Young Adult
Children's Books
Play
Lord of the Rings
Literature
Harry Potter
A Song of Ice and Fire
The Hunger Games
Literary Character
Shakespeare
Book
Author
Novel
Poem
Young Adult
Children's Books
Play
Lord of the Rings
Random Quiz
Search Sporcle
×
Quiz Lab
Quiz Lab
Literature
Book
Type in answers that appear in a list
Type in answers that appear in a list
Classic
Best Score? Go Orange.
LOTR Books Gimli Quiz Stats
Can you name the Facts About Gimli from the Lord of the Rings Books?
By
TheLoir
6m
24 Questions
868 Plays
868 Plays
868 Plays
Comments
Comments
Give Quiz Kudos
Give Quiz Kudos
-
- Ratings
hide this ad
Forced Order
Answers have to be entered in order
Answers have to be entered in order
Replay
Link that replays current quiz
Next Quiz
Link to next quiz in quiz playlist
You Got
0%
They Got
Avg Score
58%
Avg Friend Score
Upgrade to see
Score Distribution
Jump to the score distribution portion of the page
Score
0/24
Timer
06:00
0
Plays Today
Hint
Answer
% Correct
His weapon of choice is an _
_
_
_
_
Axe
99.5%
He is the son of _
_
_
_
_
_
Gloin
91.4%
He started off not liking which elf?
Legolas
89.1%
Gimli is smitten by this Lady of Lothlorien
Galadriel
78.7%
Who was The Lord or Moria?
Balin
77.2%
How was he related to Gimli?
First cousin once removed
73.8%
Because the father of this elf who was named what?
Thranduil
67.3%
Later this person says that another is still more beautiful than the Lady of Lorien. Who is this other woman?
Arwen
66.1%
Whose life does Gimli save at the Black Gate by recognizing his feet under a troll?
Peregrin Took
64.1%
When the Fellowship enters Lothlorien Gimli is annoyed when the elves want him to wear a _
_
_
_
_
_
_
_
_
_
Blindfold
62.8%
Steel and this very pricey item were used for the repair
Mithril
61.8%
What was Gimli's home?
Erebor
59.7%
Hint
Answer
% Correct
At Helms Deep how many orcs does Gimli kill? (one less than he claims in the movie)
42
57.7%
He was also given this unusual title for a dwarf _
_
_
-
_
_
_
_
Elf-friend
55.9%
Did what to Gimli's dad? He _
_
_
_
_
_
_
_
_
_
_
Imprisoned him
55.6%
Legolas wishes that Gimli visit where?
Fangorn forest
52.5%
Who gives him what gift?
Three strands of hair
51.5%
He is angered when this person insults the Lady of Lorien
Eomer
51%
After the War he helped repair what in Minas Tirith?
Great Gate of Minas Tirith
46.3%
Gimli vowed to bring his elf friend to visit what place in Rohan?
The Glittering Caves aka Aglarond
42.5%
Gimli belongs to what group of dwarves?
Longbeards
28.7%
After the War Gimli was given the title of _
_
_
of the _
_
_
_
_
_
_
_
_
_
_
_
Lord of the Glittering Caves
28.5%
And she names him this (HINT: it has to do with the gift)
Lockbearer
22.2%
In what year of the Fourth Age did Gimli have the honor of being the first dwarf to go to the Undying Lands?
120
17.1%
Quiz Playlist
Details
Report
Send in Message
Add To Playlist
Classic:
Type in answers that appear in a list
Forced Order:
Answers have to be entered in order
Last Updated: Feb 16, 2017
Quiz Scoreboard
CHALLENGE
Sign Up to Join the Scoreboard
Show All
Scores
Hide
Comments
May contain spoilers
Recently Published
Image Sorting: Flags VI
by Barbecue
Geography
2m
Find the 'City' Movie
by crazypaving
Movies
60s
Colored Red Africa Blitz
by spor1
Geography
45s
More to Explore
Quiz From the Vault
Featured Blog Post
14 Easter Pick-up Lines to Find Eggs With
hide this ad
You Might Also Like...
Tags
Book Quiz
Lord of the Rings Quiz
Dwarf
JRR Tolkien
Rings Characters
Rings Fellowship
Rings Movie
Today's Top Quizzes in Literature
Browse Literature
hide this ad
Today's Top Quizzes in Book
Browse Book
Top Contributed Quizzes in Literature
1
Sneaky Slytherin Logic Puzzle
2
Harry Potter logic puzzle: The Hogwarts Soap Opera
3
Get The Picture: Black or White Literature
4
Harry Potter Slytherin Logic Puzzle
5
'Middle' Earth
6
ASOIAF Siblings Logic Puzzle
7
Logic Puzzle: Avoid Dumbledore's Army
8
A Song of Ice and Fire Logic Puzzle
9
Harry Potter Logic Puzzle 1
10
Quick Pick: Easter in Book Titles
Explore More
Trending Topics
NBA
Kpop
Marvel
Crossword
Harry Potter
Anime
Disney
The Office
WWE
Pokémon
Puzzle
Country
Soccer
NFL
Song
hide this ad
More By:
TheLoir
Quiz
Plays
Rating
Category
Featured
Created
Words That End In 'ISH'
64,708
4.39
Language
Feb 13, 2014
First Thanksgiving Facts
22,658
4.06
Holiday
Nov 1, 2013
Quick Pick: Places in the Shire
6,733
4.50
Just For Fun
Nov 1, 2013
Profile: Ulysses S. Grant
5,802
4.44
History
Aug 29, 2014
LOTR Hobbit Who's Who
3,915
4.83
Literature
Oct 1, 2013
Go to Creator's Profile
Score Distribution
Quiz Creator Spotlight
TheLoir
Follow
Send a Message
Quizzes Created
-
Created Quiz Play Count
-
More By This Creator
Popular Quizzes Today
1
Colored Red Africa Blitz
2
Find the US States - No Outlines Minefield
3
Find the 'City' Movie
4
5x2 Blitz: Bands
5
The Countries of the World
6
Find the US States
7
Find the Countries of Europe - No Outlines Minefield
8
US States
More Literature Quizzes
Forging the Maester's Chain (ASOIAF)
Editor's Pick
Trending Quizzes
Colored Red Europe Blitz I
Colored Red Europe Blitz II
Colored Red Africa Blitz II
Colored Red Europe Blitz III
Colored Red Africa Blitz III
Recently Updated
How Do You Spell That?
pecheneg
Godzilla Movies
pecheneg
Grab Bag: 4-10 Letters
pecheneg
2024 March Madness Bracket
pecheneg
Famous TV Couples
Peacemaker
Champions League XIs: Real Madrid
pecheneg
Largest US Cities 1790-2010
pecheneg
Rides in Walt Disney World
pecheneg
Most Oscar Losses (Acting)
pecheneg
Beyoncé Albums
pecheneg
Trending Topics
Kpop
Anime
Disney
Harry Potter
Marvel
NBA
Crossword
WWE
Country
Song
Soccer
The Office
NFL
Puzzle
Pokémon
Your Account Isn't Verified!
In order to create a playlist on Sporcle, you need to verify the email address you used during registration. Go to your
Sporcle Settings
to finish the process.
Report this User
Report this user for behavior that violates our
Community Guidelines
.
Details:
Send Report
Go to the Sporcle.com Mobile Site →
Comments